[Event "Commonwealth-ch"]
[Site "New Delhi"]
[Date "2007.12.10"]
[Round "10"]
[White "Tay, Li Jin Jeslin"]
[Black "Narayanan, Srinath"]
[Result "0-1"]
[WhiteElo "2050"]
[BlackElo "2201"]
[PlyCount "64"]
[EventDate "2007.12.03"]
[EventType "swiss"]
[EventRounds "10"]
[EventCountry "IND"]
[SourceTitle "CBM 121 Extra"]
[Source "ChessBase"]
[SourceDate "2008.01.10"]
[SourceVersion "1"]
[SourceVersionDate "2008.01.10"]
[SourceQuality "1"]

1. d4 Nf6 2. c4 g6 3. Nc3 Bg7 4. e4 d6 5. h3 0-0 6. Bg5 Nbd7 7. Bd3 h6 8. Be3 e5 9. d5 Nc5 10. Bc2 a5 11. g4 Qe8 12. Nge2 Bd7 13. Qd2 Kh7 14. f3 b5 15. cxb5 Bxb5 16. Bxc5 dxc5 17. Nxb5 Qxb5 18. Nc3 Qb6 19. Na4 Qb5 20. b3 Rfd8 21. Bd3 Qe8 22. Rc1 c6 23. dxc6 Qxc6 24. Qe3 Rd4 25. Rxc5 Qd6 26. Ke2 Rd8 27. Rd1 Bf8 28. Rc2 Ne8 29. Nb2 Ng7 30. Kf2 Ne6 31. Rdc1 Nf4 32. Nc4 Qf6 0-1

[Event "Commonwealth-ch"]
[Site "New Delhi"]
[Date "2007.12.06"]
[Round "6"]
[White "Tay, Li Jin Jeslin"]
[Black "Shyam, Sundar M"]
[Result "1-0"]
[WhiteElo "2050"]
[BlackElo "2241"]
[PlyCount "211"]
[EventDate "2007.12.03"]
[EventType "swiss"]
[EventRounds "10"]
[EventCountry "IND"]
[SourceTitle "CBM 121 Extra"]
[Source "ChessBase"]
[SourceDate "2008.01.10"]
[SourceVersion "1"]
[SourceVersionDate "2008.01.10"]
[SourceQuality "1"]

1. d4 Nf6 2. c4 g6 3. Nc3 Bg7 4. e4 d6 5. h3 0-0 6. Bg5 Nbd7 7. Bd3 h6 8. Be3 e5 9. d5 Nh5 10. Nge2 f5 11. exf5 gxf5 12. Bxf5 Rxf5 13. g4 Rf3 14. gxh5 Qh4 15. Qd2 Nc5 16. b4 Ne4 17. Nxe4 Qxe4 18. Rg1 Kh7 19. Rc1 Bxh3 20. Rg6 Bf5 21. Ng3 Bxg6 22. Nxe4 Bxe4 23. c5 Rf7 24. cxd6 cxd6 25. Rc4 Bf5 26. Qc1 a6 27. Qa3 Rg8 28. Qa5 Bf8 29. Rc7 Rg1+ 30. Kd2 Rgg7 31. Rxf7 Rxf7 32. Qd8 Bg4 33. Qh4 Bf5 34. a4 Be7 35. Qc4 Bd8 36. Qc3 Bg4 37. Qd3+ Bf5 38. Qc3 Bg4 39. Qc2+ Bf5 40. Qc3 Bg4 41. b5 axb5 42. axb5 Bxh5 43. Qc8 Be7 44. Qxb7 Bg5 45. Qb6 Rxf2+ 46. Kc1 Bxe3+ 47. Qxe3 Rf1+ 48. Kb2 Bg6 49. Qa7+ Rf7 50. Qb8 h5 51. Qxd6 h4 52. Qxe5 h3 53. d6 Rf2+ 54. Ka3 h2 55. Qe7+ Kh6 56. Qh4+ Kg7 57. d7 Rd2 58. Qxh2 Rxd7 59. Kb4 Re7 60. b6 Be4 61. Kc5 Kf7 62. Qf4+ Ke8 63. Qb8+ Kf7 64. Qc8 Re5+ 65. Kd4 Re7 66. Qc4+ Kf8 67. Kc5 Ke8 68. Qa4+ Kf7 69. Kd6 Kf8 70. Qd4 Kf7 71. Qf2+ Ke8 72. Qf6 Rd7+ 73. Ke6 Bd5+ 74. Ke5 Bb7 75. Qh8+ Ke7 76. Qg7+ Ke8 77. Qg8+ Ke7 78. Qg5+ Kf7 79. Qf4+ Ke7 80. Qb4+ Kf7 81. Qa5 Ke8 82. Kf6 Rf7+ 83. Ke6 Rh7 84. Qb5+ Kf8 85. Qf5+ Kg8 86. Qg6+ Rg7 87. Qe8+ Kh7 88. Kf6 Bf3 89. Qe5 Bb7 90. Qh5+ Kg8 91. Qh6 Rf7+ 92. Ke6 Bc8+ 93. Ke5 Bb7 94. Qg5+ Kf8 95. Qd8+ Kg7 96. Ke6 Bf3 97. Qg5+ Kf8 98. Qh6+ Kg8 99. Qh3 Bb7 100. Qg4+ Kf8 101. Qh5 Bc8+ 102. Kd6 Kg7 103. Qe5+ Kg8 104. Qe8+ Rf8 105. Qg6+ Kh8 106. Ke7 1-0

[Event "Commonwealth-ch"]
[Site "New Delhi"]
[Date "2007.12.05"]
[Round "4"]
[White "Praveen Kumar, Chandrasekar"]
[Black "Tay, Li Jin Jeslin"]
[Result "1-0"]
[WhiteElo "2279"]
[BlackElo "2050"]
[PlyCount "105"]
[EventDate "2007.12.03"]
[EventType "swiss"]
[EventRounds "10"]
[EventCountry "IND"]
[SourceTitle "CBM 121 Extra"]
[Source "ChessBase"]
[SourceDate "2008.01.10"]
[SourceVersion "1"]
[SourceVersionDate "2008.01.10"]
[SourceQuality "1"]

1. d4 d5 2. c4 e6 3. Nc3 c6 4. Nf3 Nf6 5. Bg5 dxc4 6. e4 b5 7. e5 h6 8. Bh4 g5 9. Nxg5 hxg5 10. Bxg5 Nbd7 11. g3 Bb7 12. Bg2 Qb6 13. exf6 c5 14. d5 0-0-0 15. 0-0 Bh6 16. Qd2 Bxg5 17. Qxg5 Rhg8 18. Qf4 e5 19. Qe3 Rh8 20. a4 b4 21. Ne4 Bxd5 22. Rfd1 Bxe4 23. Qxe4 Qc7 24. Rd6 Nb8 25. Qf5+ Rd7 26. Rad1 Rh5 27. Qg4 Rg5 28. Qh3 Rg8 29. Bc6 Rgd8 30. Bxd7+ Rxd7 31. Rxd7 Nxd7 32. Qg4 c3 33. bxc3 bxc3 34. Qg8+ Qd8 35. Qxd8+ Kxd8 36. h4 Kc7 37. Rc1 Nxf6 38. Rxc3 Kd6 39. Kf1 e4 40. Ke2 Kd5 41. Rb3 Kc6 42. Rb8 c4 43. Rf8 c3 44. Rc8+ Kd6 45. Rxc3 Nd5 46. Rc8 Ke5 47. Rc5 Kd6 48. Ra5 Ke6 49. Rxa7 Kf6 50. a5 Kg6 51. a6 Nc3+ 52. Ke3 f5 53. Rb7 1-0

[Event "Commonwealth-ch"]
[Site "New Delhi"]
[Date "2007.12.05"]
[Round "5"]
[White "Tay, Li Jin Jeslin"]
[Black "Gupta, Nishtha"]
[Result "1-0"]
[WhiteElo "2050"]
[BlackElo "1830"]
[PlyCount "67"]
[EventDate "2007.12.03"]
[EventType "swiss"]
[EventRounds "10"]
[EventCountry "IND"]
[SourceTitle "CBM 121 Extra"]
[Source "ChessBase"]
[SourceDate "2008.01.10"]
[SourceVersion "1"]
[SourceVersionDate "2008.01.10"]
[SourceQuality "1"]

1. d4 Nf6 2. c4 g6 3. Nc3 d5 4. Bf4 c6 5. e3 Bg7 6. Bd3 0-0 7. Nf3 Bf5 8. 0-0 Bxd3 9. Qxd3 Nbd7 10. h3 Nb6 11. c5 Nc8 12. b4 Re8 13. b5 Nd7 14. bxc6 bxc6 15. Qa6 e5 16. Bg5 f6 17. Bh4 Qc7 18. Rab1 Rb8 19. Rxb8 Nxb8 20. Qa4 Nd7 21. Rb1 Nb8 22. Nxd5 Qf7 23. Nxf6+ Bxf6 24. Bxf6 Qxf6 25. dxe5 Qe7 26. Rxb8 Qxc5 27. Qb3+ Kh8 28. Qb7 Qf8 29. Qxc6 Rd8 30. Qf6+ Qxf6 31. exf6 Rg8 32. Ng5 h6 33. f7 Rf8 34. Ne6 1-0

[Event "Commonwealth-ch"]
[Site "New Delhi"]
[Date "2007.12.04"]
[Round "3"]
[White "Sharma, Dinesh Kumar"]
[Black "Tay, Li Jin Jeslin"]
[Result "1/2-1/2"]
[WhiteElo "2382"]
[BlackElo "2050"]
[PlyCount "168"]
[EventDate "2007.12.03"]
[EventType "swiss"]
[EventRounds "10"]
[EventCountry "IND"]
[SourceTitle "CBM 121 Extra"]
[Source "ChessBase"]
[SourceDate "2008.01.10"]
[SourceVersion "1"]
[SourceVersionDate "2008.01.10"]
[SourceQuality "1"]

1. e4 c5 2. Nf3 d6 3. d4 cxd4 4. Nxd4 Nf6 5. Nc3 a6 6. Bc4 e6 7. Bb3 b5 8. Qf3 Qc7 9. Bg5 Be7 10. 0-0-0 0-0 11. Bxf6 Bxf6 12. e5 Bg5+ 13. Kb1 d5 14. h4 Be7 15. Bxd5 exd5 16. Nxd5 Bb7 17. Nxc7 Bxf3 18. Nxf3 Ra7 19. Nd5 Bc5 20. Rd2 Rd7 21. Rhd1 Rfd8 22. Ne3 Rxd2 23. Rxd2 Rxd2 24. Nxd2 Nc6 25. Nf3 Kf8 26. c3 Ke7 27. Nf5+ Kd7 28. Nxg7 Bxf2 29. Nh5 Ke6 30. g4 Be3 31. Nf6 h6 32. Ne8 Bb6 33. Ng7+ Kd5 34. Nf5 Ke4 35. Nd2+ Kf4 36. Nxh6 Nxe5 37. Kc2 Bf2 38. h5 Bc5 39. Nb3 Bf8 40. Nf5 Kxg4 41. Ne3+ Kxh5 42. Nd5 Bd6 43. Nf6+ Kg6 44. Ne4 Be7 45. Nec5 a5 46. Nd3 Nc6 47. Nf4+ Kf5 48. Nd5 Bd6 49. Kd3 Ke5 50. Ne3 f5 51. Nd2 Kf4 52. Ke2 Bc5 53. Nd5+ Ke5 54. Nc7 b4 55. Nf3+ Kd6 56. Nb5+ Kd5 57. Nc7+ Kd6 58. Ne8+ Kd5 59. Nf6+ Ke6 60. Nh5 bxc3 61. Nf4+ Kd6 62. bxc3 Ba3 63. Kd2 Kc5 64. Kc2 Kb5 65. Kb3 Bd6 66. Nd3 a4+ 67. Kc2 f4 68. Nd2 Ne7 69. c4+ Kc6 70. Ne4 Nf5 71. Nxd6 Nxd6 72. Kc3 f3 73. Kd4 Nf5+ 74. Ke4 Nd6+ 75. Kd4 Nf5+ 76. Ke4 Nd6+ 77. Kxf3 Nxc4 78. Ke4 Kb5 79. Kd4 Nd6 80. Kc3 Ne4+ 81. Kc2 Kc4 82. Nb2+ Kb4 83. Nxa4 Kxa4 84. Kb2 Nd6 1/2-1/2